Practice resurrection : (Record no. 8601)

MARC details
000 -LEADER
fixed length control field 02933cam a22002658a 4500
001 - CONTROL NUMBER
control field 15897304
003 - CONTROL NUMBER IDENTIFIER
control field GBCCL
005 - DATE AND TIME OF LATEST TRANSACTION
control field 20241126110654.0
008 - FIXED-LENGTH DATA ELEMENTS--GENERAL INFORMATION
fixed length control field 090908s2010 miu 000 0 eng
010 ## -
-- 2009037051
020 ## - INTERNATIONAL STANDARD BOOK NUMBER
International Standard Book Number 9780802829559 (cloth : alk. paper)
040 ## - CATALOGING SOURCE
Original cataloging agency DLC
Transcribing agency DLC
Modifying agency DLC
050 00 -
-- BS2695.53
-- .P47 2010
082 00 - DEWEY DECIMAL CLASSIFICATION NUMBER
Classification number 227.5077
Edition information 22
Item number PET
100 1# - MAIN ENTRY--PERSONAL NAME
Personal name Peterson, Eugene H.,
Dates associated with a name 1932-2018.
9 (RLIN) 15172
245 10 - TITLE STATEMENT
Title Practice resurrection :
Remainder of title a conversation on growing up in Christ /
Statement of responsibility, etc. Eugene H. Peterson.
260 ## - PUBLICATION, DISTRIBUTION, ETC.
Place of publication, distribution, etc. Grand Rapids, Mich. :
Name of publisher, distributor, etc. William B. Eerdmans Pub. Co.,
Date of publication, distribution, etc. 2010.
300 ## - PHYSICAL DESCRIPTION
Extent xii, 290 p. ;
Dimensions 24 cm.
504 ## - BIBLIOGRAPHY, ETC. NOTE
Bibliography, etc. note Includes bibliographical references and index.
505 0# - FORMATTED CONTENTS NOTE
Formatted contents note Ephesus and the Ephesians -- The church of Ephesus : Ephesians 1:1-2 11 -- The church we never see -- Church illusions and deceptions -- The miracle of church -- The message to the Ephesians : Ephesians 4:1, 7 -- The axios metaphor -- The Psalm 68 text : "you ascended the high mount ..." -- The blessing of God -- God and His glory : Ephesians 1:3-14 -- Lost in the cosmos -- God's verbs -- God's glory -- Paul and the saints : Ephesians 1:15-23 -- "I remember you in my prayers" -- "All the saints" -- "It is here we are on it, it is under us" -- Grace and good works : Ephesians 2:1-10 -- Acquired passivity -- Good works -- Works as a form for glory -- The creation of church -- Peace and the broken wall : Ephesians 2:11-22 -- The brambles of individualism -- "A serious house on serious earth" -- The ontological church -- "Jesus is our peace" -- The hospitable church -- Church and God's manifold wisdom : Ephesians 3:1-13 -- "I am the very least of all the saints" -- Meshech and the tents of Kedar -- Inscape -- Shadow work -- Prayer and all the fullness : Ephesians 3:14-21 -- "Glory in the church and in Christ jesus" -- "I bow my knees before the father" -- "All the fullness" -- "The inner man" -- One and all : Ephesians 4:1-16 -- "The calling to which you have been called" -- The language of paraclesis -- Deometry -- Baron von Hugel -- The congregation at work -- Holiness and the Holy Spirit : Ephesians 4:17-32 -- Stalamus chief -- Negative space -- Shy member of the Trinity -- Love and worship : Ephesians 5:1-20 -- "Things fall apart, the centre cannot hold . . ." -- The language of love -- "Sleeper, awake!" -- Household and workplace : Ephesians 5:21; 6:9 -- Borrioboola-gha -- "Wing to wing and oar to oar" -- Between the ark and the tomb -- The wiles of the devil and the armor of God : Ephesians 6:10-17 -- "Stand firm" -- "The wiles of the devil" -- "The whole armor of God" -- "Pray in the spirit at all times" -- "Tychicus will tell you everything".
630 00 - SUBJECT ADDED ENTRY--UNIFORM TITLE
Uniform title Bible.
Name of part/section of a work Ephesians
Form subdivision Commentaries.
9 (RLIN) 3075
906 ## - LOCAL DATA ELEMENT F, LDF (RLIN)
a 7
b cbc
c orignew
d 1
e ecip
f 20
g y-gencatlg
942 ## - ADDED ENTRY ELEMENTS (KOHA)
Source of classification or shelving scheme Dewey Decimal Classification
Koha item type Books
Koha issues (borrowed), all copies 2
Holdings
Withdrawn status Lost status Source of classification or shelving scheme Damaged status Not for loan Home library Current Library Shelving location Date acquired Total checkouts Total renewals Full call number Barcode Date last seen Date last checked out Copy number Price effective from Koha item type
    Dewey Decimal Classification     GRACE BIBLE COLLEGE GRACE BIBLE COLLEGE Biblical Studies 2021-05-06 1 1 227.5077 PET 020253 2025-05-01 2024-02-27 c.1 2021-05-06 Books
    Dewey Decimal Classification     GRACE BIBLE COLLEGE GRACE BIBLE COLLEGE Biblical Studies 2024-04-18 1   227.5077 PET 016744 2025-05-01 2024-08-02 c.2 2024-04-18 Books
© Grace Bible College Library 2025